ARRUPE JESUIT UNIVERSITY

CORONAVIRUS -STOP THE SPREAD - CLEAN,DISINFECT,COVER

The Church 2001 : (Record no. 117956)

MARC details
000 -LEADER
fixed length control field 01067cam a2200325ua 4500
001 - CONTROL NUMBER
control field 4449262
003 - CONTROL NUMBER IDENTIFIER
control field ARRUPE
005 - DATE AND TIME OF LATEST TRANSACTION
control field 20130924125528.0
008 - FIXED-LENGTH DATA ELEMENTS--GENERAL INFORMATION
fixed length control field 850626s1982 enk b 000 0 eng d
020 ## - INTERNATIONAL STANDARD BOOK NUMBER
International Standard Book Number 0854392025
035 ## - SYSTEM CONTROL NUMBER
System control number (OCoLC)10364416
035 ## - SYSTEM CONTROL NUMBER
System control number (OCoLC)ocm10364416
035 ## - SYSTEM CONTROL NUMBER
System control number (NNC)4449262
040 ## - CATALOGING SOURCE
Original cataloging agency NNUT
Transcribing agency NNUT
043 ## - GEOGRAPHIC AREA CODE
Geographic area code e-uk-en
-- e-uk-wl
050 ## - LIBRARY OF CONGRESS CALL NUMBER
Classification number BX891
Item number .R517 1982
300 ## - PHYSICAL DESCRIPTION
Dimensions 23 cm.
100 1# - MAIN ENTRY--PERSONAL NAME
Personal name Richards, Michael.
9 (RLIN) 909
245 14 - TITLE STATEMENT
Title The Church 2001 :
Remainder of title writings from "The Clergy review" and other sources /
Statement of responsibility, etc by Michael Richards ; edited with additional material by Peter Jennings.
260 ## - PUBLICATION, DISTRIBUTION, ETC. (IMPRINT)
Place of publication, distribution, etc Slough [Bucks.] :
Name of publisher, distributor, etc St. Paul Publications,
Date of publication, distribution, etc 1982.
300 ## - PHYSICAL DESCRIPTION
Extent xxi, 329 p. ;
504 ## - BIBLIOGRAPHY, ETC. NOTE
Bibliography, etc Includes bibliographical references.
610 20 - SUBJECT ADDED ENTRY--CORPORATE NAME
Corporate name or jurisdiction name as entry element Catholic Church.
9 (RLIN) 910
610 20 - SUBJECT ADDED ENTRY--CORPORATE NAME
Corporate name or jurisdiction name as entry element Catholic Church
Geographic subdivision England.
9 (RLIN) 911
610 20 - SUBJECT ADDED ENTRY--CORPORATE NAME
Corporate name or jurisdiction name as entry element Catholic Church
Geographic subdivision Wales.
9 (RLIN) 912
650 ## - SUBJECT ADDED ENTRY--TOPICAL TERM
Topical term or geographic name as entry element Catholic Church
General subdivision Addresses
9 (RLIN) 913
700 1# - ADDED ENTRY--PERSONAL NAME
Personal name Jennings, Peter,
Dates associated with a name 1947-
9 (RLIN) 914
730 0# - ADDED ENTRY--UNIFORM TITLE
Uniform title Clergy review.
9 (RLIN) 915
942 ## - ADDED ENTRY ELEMENTS (KOHA)
Source of classification or shelving scheme Library of Congress Classification
Koha item type Monograph ( Printed materials)
Holdings
Withdrawn status Lost status Source of classification or shelving scheme Damaged status Not for loan Home library Current library Shelving location Date acquired Total Checkouts Full call number Barcode Date last seen Price effective from Koha item type
    Library of Congress Classification     ARRUPE LIBRARY ARRUPE LIBRARY Main Collection 24/09/2013   BX891 .R517 1982 46409803 22/11/2017 24/09/2013 Monograph ( Printed materials)

 

Arrupe Library. PO Box MP320 Mt Pleasant, Harare, Zimbabwe
263 242 745411|librarian@aju.ac.zw